| 000 | 00810nas a2200289 4500 | ||
|---|---|---|---|
| 001 | BR2012006499 | ||
| 003 | BR-BrBNA | ||
| 005 | 20231205121049.0 | ||
| 007 | ta | ||
| 008 | 230509b bl.|||p| |||| 00| 00por d | ||
| 040 |
_aBR-BrBNA _bpor _cBiblioteca Nacional de Agricultura |
||
| 041 | _a(Pt) | ||
| 072 | _aH60 | ||
| 100 | 1 | _aInoue, M.H. | |
| 100 | 1 | _aSilva, B.E. | |
| 100 | 1 | _aPereira, K.M. | |
| 100 | 1 | _aSantana, D.C. | |
| 100 | 1 | _aConciani, P.A. | |
| 100 | 1 | _aSztoltz, C.L. | |
| 245 | 1 | _aLevantamento fitossociológico em pastagens | |
| 650 | _aPASTAGEM | ||
| 650 | _aERVA DANINHA | ||
| 650 | _aCAPIM BRACHIARIA | ||
| 773 | 0 |
_tPlanta Daninha (Brazil) _xISSN 0100-8358 _g(Jan-Mar 2012), v. 30(1) p. 55-63 _wBR2012006499 |
|
| 909 |
_a202311 _bLúcia _c55 _dLúcia Elande |
||
| 942 |
_2AGRIS _n0 _cANA |
||
| 999 |
_c221671 _d221671 |
||